| 000 | 00507nam a2200157 a 4500 | ||
|---|---|---|---|
| 001 | 000040469 | ||
| 005 | 20201002034142.0 | ||
| 008 | 130826s2005 mx 000 0 spa d | ||
| 020 | _a9703223680 | ||
| 040 |
_aDO-SdBNP _bspa _cBNPHU |
||
| 245 | 0 | 0 | _aXX años de derechos y universitarios en la UNAM. |
| 246 | 1 | 3 | _aVeinte años de derechos y universitarios en la UNAM. |
| 260 |
_aMéxico : _bUNAM, _c2005. |
||
| 300 |
_a67 p. + 1 CD ROM ; _c22 cm. |
||
| 710 | 2 |
_aUniversidad Nacional Autónoma de México _942447 |
|
| 999 |
_c39959 _d39959 |
||